Responses for show #8052 - Tuesday, September 17, 2019

Jason Zuffranieri game 13.

Contestants

Colin Kennedy, a museum educator from Washington, D.C.

Helen Lyons, a classical radio host and opera singer from Ferrisburgh, Vermont

Jason Zuffranieri, a math teacher from Albuquerque, New Mexico (whose 12-day cash winnings total $356,643)

Jeopardy! Round responses

HALLEY'S COMET IN HISTORY
VERBS
HELPING THE ENVIRONMENT
LET'S HAVE A BALL
BURGERS
(Alex: of...)
CAL. "A"
    $200 23
(Alex: Less than a minute now.)

diagnose

Jason
    $200 21
coal

Colin
    $200 27
a baseball

Jason
    $200 29
[The end-of-round signal sounds.]

McDonald's

Jason
    $200 28
Anaheim

Helen
    $400 3
the Star of Bethlehem (the star that the Magi followed accepted)

Jason
    $400 22
collaborate

Helen
    $400 20
a kite

Helen
    $400 24
a football

Jason
    $400 25
White Castle

Jason
    $400 26
Alcatraz

Jason
    $600 17
Attila the Hun

Jason
    $600 18
demonstrate

Jason
    $600 19
Phish Food

Helen
    $600 13
a volleyball

Jason
    $600 16
lettuce

Jason
    $600 8
Ashbury

Colin
    $800 10
the Challenger disaster

Jason
    $800 15
intensify

Jason
    $800 14
Erie

Colin
    $800 12
tennis balls

Jason
    $800 11
Salisbury

Jason
    $800 7
Arroyo

Helen
    $1,000 4
(Jason: Man! Um...who is [**]?)
(Alex: [*] [**], yes!)
(Jason: Whoa!)
(Alex: "I came in with Halley's Comet--")
(Jason: [With a look of epiphany] Ahh!)
(Alex: "--I'm going out with Halley's Comet".)

(Mark) Twain

Jason
    $1000 2
sire

Colin
    $1000 6
(Izaak) Walton

Jason
    $1000 1
a medicine ball

Helen
    $1000 9
Japan

Jason
    $1000 5
Alameda

Jason

Scores at the first commercial break (after clue 15):

Jason Helen Colin
$8,200 $1,800 $2,400

Scores at the end of the Jeopardy! Round:

Jason Helen Colin
$11,800 $3,400 $2,600

Double Jeopardy! Round responses

CENTER FOR THE INTREPID
(Sarah: The Center for the Intrepid--a Texas military hospital providing cutting-edge rehabilitation for America's fighting men and women.)
AWARDS & HONORS
ACTOR-DIRECTORS
FROM C TO D
(Alex: Each correct response will begin with a "C"; end with a "D".)
NEVER TO RETURN
SHAKESPEARE'S EXIT LINES
(Alex: You have to identify the character who is speaking the last line.)
    $400 25
(Sylvester) Stallone

Colin
    $400 26
[The end-of-round signal sounds.]

John Paul Jones

Colin
    $800 21
(Alex: Less than a minute now.)

(John) McCain

Jason
    $800 20
the VMAs (Video Music Awards)

Jason
    $800 18
The Mule

Jason
    $800 19
campground

Colin
    $800 22
France

Helen
    $800 24
Richard III

Jason
    $1200 17
electrical impulses

Colin
    $1200 1
(Jason: What are [*] Grants?)

Genius

Jason
    $1200 13
(Ben) Stiller

Jason
    $1200 12
centerfold

Jason
    $6,000 11
Corsica

Colin
    $1200 23
(Jason: Who is Juliet.)
(Alex: No!)
(Helen: [dramatically] Who is [*]!)
(Alex: Yes, now is the time for [*]!)
[Laughter]

Romeo

JasonHelen
    $1600 16
wounded warriors

Jason
    $1600 4
the Croix de Guerre

Colin
    $1600 7
Seth MacFarlane

Colin
    $1600 8
celluloid

Colin
    $1600 9
the '30s

Colin
    $1600 10
(Alex: "Et tu, Brute?--Then fall, [*]!")

Caesar

Triple Stumper
    $2000 15
immersive

Colin
    $2000 3
a Fulbright Scholarship

Helen
    $2000 2
(Orson) Welles

Jason
    $2,500 5
contraband

Colin
    $2000 6
Chiang Kai-shek

Jason
    $2000 14
(Helen: Who is Juliet?)
(Alex: No.)
(Colin: Who is Romeo?)
(Alex: No.)
(Jason: [shaking his head] Uh-uh!)
(Alex: Wrong play.)
[Laughter]

Othello

HelenColin
Triple Stumper

Scores at the end of the Double Jeopardy! Round:

Jason Helen Colin
$23,000 $5,400 $20,300

[wagering suggestions for these scores]

Final Jeopardy! Round responses

NATIONAL ANTHEMS
HelenWhat is the Marseillaise?
$5,400
ColinWhat is La Marseillaise?
$20,199
JasonWhat is La Marseillaise?
$17,700
"O Canada"

Final scores:

Jason Helen Colin
$5,300 $0 $101
13-day champion: $361,943 3rd place: $1,000 2nd place: $2,000

Game dynamics:

Coryat scores:

Jason Helen Colin
$23,000 $5,400 $15,000
29 R
(including 1 DD),
1 W
9 R,
1 W
15 R
(including 2 DDs),
1 W

Combined Coryat: $43,400

The J! Archive is created by fans, for fans. The Jeopardy! game show and all elements thereof, including but not limited to copyright and trademark thereto, are the property of Jeopardy Productions, Inc. and are protected under law. This website is not affiliated with, sponsored by, or operated by Jeopardy Productions, Inc. Join the discussion at JBoard.tv.